000 00471nam a2200145Ia 4500
003 OSt
005 20260122151610.0
008 211028s2015 xx 000 0 und d
040 _cAIMIT LIBRARY
041 _aeng
100 _aSajan, A S; D Souza, Rayan.
_g1316122
_97392
245 _aStudy on the employee satisfaction towards training and development at Mangalore refinery and petrochemicals limited /
260 _aMangalore
_bRayan D Souza
_c2015
942 _2ddc
_cPRO
999 _c218962
_d218962